Deepening divides: how territorial borders and social boundaries delineate our world (Record no. 1218766)

MARC details
000 -LEADER
fixed length control field 00646nam a2200217Ia 4500
008 - FIXED-LENGTH DATA ELEMENTS--GENERAL INFORMATION
fixed length control field 241004s9999 xx 000 0 und d
020 ## - INTERNATIONAL STANDARD BOOK NUMBER
International Standard Book Number 9780745340432
037 ## - SOURCE OF ACQUISITION
Stock number Textbook
040 ## - CATALOGING SOURCE
Original cataloging agency ARTS
Language of cataloging eng
Transcribing agency ARTS
041 ## - LANGUAGE CODE
Language code of text/sound track or separate title eng
Source of code eng
084 ## - COLON CLASSIFICATION NUMBER
Classification number W R0
Assigning agency ARTS
100 ## - MAIN ENTRY--PERSONAL NAME
Personal name Fassin Didier Ed.
245 ## - TITLE STATEMENT
Title Deepening divides: how territorial borders and social boundaries delineate our world
Statement of responsibility, etc. Fassin Didier Ed.
260 ## - PUBLICATION, DISTRIBUTION, ETC.
Place of publication, distribution, etc. UK
Name of publisher, distributor, etc. Pluto Press
Date of publication, distribution, etc. 2020
300 ## - PHYSICAL DESCRIPTION
Extent vi,266p.
365 ## - TRADE PRICE
Price type code UKP
Price amount 32
490 ## - SERIES STATEMENT
Series statement Anthropology, culture and society
650 ## - SUBJECT ADDED ENTRY--TOPICAL TERM
Topical term or geographic name entry element Political Science
942 ## - ADDED ENTRY ELEMENTS (KOHA)
Koha item type Textbook
Classification part W R0
Holdings
Withdrawn status Lost status Source of classification or shelving scheme Damaged status Not for loan Home library Current library Date acquired Source of acquisition Cost, normal purchase price Inventory number Total Checkouts Full call number Barcode Date last seen Price effective from Koha item type
    Colon Classification (CC)     Arts Library Arts Library 2024-12-06 Govinda Book House 32.00 5624 & 10/01/2023   W R0 AL1666824 2024-10-04 2024-10-04 Textbook
Copyright @ Delhi University Library System